Химия вяжущих материалов и бетонов: справочник; [учебное пособие]

Bibliographic Details
Main Author: Плотников В. В. Валерий Викторович
Summary:В книге приведены основные сведения по химии вяжущих веществ, используемых для получения растворов и бетонов, отражены современные представления о механизмах гидратации и структуро-образования композиционных материалов. Тематика информационных очерков охватывает главные разделы химической науки о сырь­евых материалах для производства различных видов вяжущих ве­ществ, специальных цементов, растворов и бетонов на их основе, функциональных химических добавках для управления свойствами смесей и композиционных материалов, гидратации и структурообра-зовании в обычных и гидротермальных условиях, методах исследо­вания вяжущих материалов и бетонов.Книга предназначена для студентов высшего профессионально­го образования, обучающихся по программам бакалавриата и маги­стратуры по направлению 270800 «Строительство», инженерно-технических работников строительных организаций и предприятий стройиндустрии, аспирантов и научных сотрудников вузов и науч­но-исследовательских институтов.
Language:Russian
Published: Москва, АСВ, 2015
Subjects:
Format: Book
KOHA link:https://koha.lib.tpu.ru/cgi-bin/koha/opac-detail.pl?biblionumber=310735

MARC

LEADER 00000nam0a2200000 4500
001 310735
005 20231102002322.0
010 |a 9785432300621 
035 |a (RuTPU)RU\TPU\book\336087 
090 |a 310735 
100 |a 20151127d2015 m y0rusy50 ca 
101 0 |a rus 
102 |a RU 
105 |a a gj 000zy 
200 1 |a Химия вяжущих материалов и бетонов  |e справочник  |e [учебное пособие]  |f В. В. Плотников 
210 |a Москва  |c АСВ  |d 2015 
215 |a 399 с.  |c ил. 
330 |a В книге приведены основные сведения по химии вяжущих веществ, используемых для получения растворов и бетонов, отражены современные представления о механизмах гидратации и структуро-образования композиционных материалов. Тематика информационных очерков охватывает главные разделы химической науки о сырь­евых материалах для производства различных видов вяжущих ве­ществ, специальных цементов, растворов и бетонов на их основе, функциональных химических добавках для управления свойствами смесей и композиционных материалов, гидратации и структурообра-зовании в обычных и гидротермальных условиях, методах исследо­вания вяжущих материалов и бетонов.Книга предназначена для студентов высшего профессионально­го образования, обучающихся по программам бакалавриата и маги­стратуры по направлению 270800 «Строительство», инженерно-технических работников строительных организаций и предприятий стройиндустрии, аспирантов и научных сотрудников вузов и науч­но-исследовательских институтов. 
606 1 |a Вяжущие материалы  |x Химия  |2 stltpush  |3 (RuTPU)RU\TPU\subj\35185  |9 56939 
610 1 |a растворы 
610 1 |a бетоны 
610 1 |a приготовление 
610 1 |a гидратация 
610 1 |a композиционные материалы 
610 1 |a структурообразование 
610 1 |a вяжущие вещества 
610 1 |a цементы 
610 1 |a химические добавки 
610 1 |a исследование 
610 1 |a исследование 
610 1 |a смеси 
610 1 |a управление 
610 1 |a справочники 
610 1 |a учебные пособия 
675 |a 666.9(035)  |v 4 
700 1 |a Плотников  |b В. В.  |g Валерий Викторович 
801 1 |a RU  |b 63413507  |c 20151127 
801 2 |a RU  |b 63413507  |c 20160404  |g RCR 
900 |a Химия и технология сырья и мономеров 
942 |c BK 
953 |l 8.1 
959 |a 149/20151127  |d 3  |e 550,00  |f ЧЗТЛ:1  |f УФ:2